Harper's illustrated biochemistry. (Record no. 117959)

MARC details
000 -LEADER
fixed length control field 00783cas a2200265 a 4500
008 - FIXED-LENGTH DATA ELEMENTS--GENERAL INFORMATION
fixed length control field
022 0# - INTERNATIONAL STANDARD SERIAL NUMBER
International Standard Serial Number 0071389016 (pbk.)
049 ## - LOCAL HOLDINGS (OCLC)
Holding library MAIN
090 ## - LOCALLY ASSIGNED LC-TYPE CALL NUMBER (OCLC); LOCAL CALL NUMBER (RLIN)
Classification number (OCLC) (R) ; Classification number, CALL (RLIN) (NR) QP514
Local cutter number (OCLC) ; Book number/undivided call number, CALL (RLIN) HAR
003 - CONTROL NUMBER IDENTIFIER
control field
005 - DATE AND TIME OF LATEST TRANSACTION
control field 20250513121937.0
040 ## - CATALOGING SOURCE
Transcribing agency NUST
210 0# - ABBREVIATED TITLE
Abbreviated title Harper's illus. biochem.
245 00 - TITLE STATEMENT
Title Harper's illustrated biochemistry.
246 30 - VARYING FORM OF TITLE
Title proper/short title Illustrated biochemistry
250 ## - EDITION STATEMENT
Edition statement 26th ed.
260 ## - PUBLICATION, DISTRIBUTION, ETC.
Place of publication, distribution, etc. New York :
Name of publisher, distributor, etc. Lange Medical Books/McGraw-Hill,
Date of publication, distribution, etc. c2003-
300 ## - PHYSICAL DESCRIPTION
Extent x, 693 p. :
Other physical details ill. ;
Dimensions 24 cm.
530 ## - ADDITIONAL PHYSICAL FORM AVAILABLE NOTE
Additional physical form available note Also issued online.
650 #0 - SUBJECT ADDED ENTRY--TOPICAL TERM
Topical term or geographic name entry element Biochemistry
Form subdivision Periodicals.
650 #2 - SUBJECT ADDED ENTRY--TOPICAL TERM
Topical term or geographic name entry element Molecular Biology
Form subdivision Periodicals.
650 12 - SUBJECT ADDED ENTRY--TOPICAL TERM
Topical term or geographic name entry element Biochemistry
Form subdivision Periodicals.
907 ## - LOCAL DATA ELEMENT G, LDG (RLIN)
a .b10347884
b 17-10-14
c 16-10-14
942 ## - ADDED ENTRY ELEMENTS (KOHA)
Koha item type Ordinary Loan Books
Call number prefix QP514
Call number suffix HAR
Koha issues (borrowed), all copies 2
Holdings
Date last seen Total Checkouts Full call number Barcode Date last checked out Cost, replacement price Price effective from Koha item type Lost status Source of classification or shelving scheme Damaged status Not for loan Collection Withdrawn status Home library Current library Shelving location Date acquired Cost, normal purchase price
05/29/2025 43 QP514 HAR 92004036896 05/13/2025 80.00 01/20/2023 BOOKS   LCC     NFIC   Medical MAIN GEN 01/20/2023 80.00